000 00877nam a22002417a 4500
005 20180224121129.0
010 _aBAC-EN21 ENG-112027 B-663918
020 _a9789351362777
_c499.00
035 _aEN-95559
035 _aB-583090-107
035 _aB-663918
037 _adpl
_bPansy Books/Ven
037 _aDBAD/PUB
082 _aN
100 _aJha, Radhika
245 _aMy beautiful shadow /
_cby Radhika Jha
260 _aNew Delhi
_bFourth Estate
_c2014
270 _aA-75, Sector 57, Noida
_bUttar Pradesh
_e201301
300 _a203p.
_c20cm(Hb)
942 _2ddc
_cEN
_mJHA
_hN
999 _c89392
_d89392